000 00455nam a2200169 i 4500
001 23490
003 ES-MaACL
005 20230906152859.0
007 t|
008 021210s1977 sp ||||1| spa d
100 1 _aAller, Ramón María.
_920028
245 1 0 _aJuventud, sociedad y política /
_cRamón Mª Aller.
250 _a[1ª ed.].
260 _a[Madrid] :
_bDoncel,
_c[1977]
300 _a189 p. ;
_c18 cm.
852 _aES-MaACL
_jA-7231
_bR.95832
999 _c23490
_d23490